000 00674nam a2200241Ia 4500
008 191130s2001##################000#0#eng##
020 _a9783131289513
040 _aACL
_cACL
082 _a617.51 BEN
100 _aBennett, J. D. C
245 _aOffbeat otolaryngology
_cJ. D. C. Bennett, John Riddington-young
260 _aNew York
_bThieme, Thieme Publishing Group
_c2001
300 _a161 p.
500 _aIncludes index
650 _aMedicine
650 _aOffbeat Otolaryngology
650 _aOtolaryngology
650 _aSurgery
700 _aRiddington-young, John
990 _a13d87838ac10000c0d65d16aa8254032
991 _a141735
999 _c25688
_d25688